000 00675nam a2200193 i 4500
001 43289
003 ES-MaACL
005 20230906160751.0
007 t|
008 030317s1967 sp ||||1| spa d
110 1 _aEspaña.
_bServicio Nacional de Productividad Industrial.
_93988
245 1 0 _aCatálogo de actividades de formación empresarial.
260 _aMadrid :
_bCultura Hispánica,
_c1967.
300 _a376 p., 14 lám. ;
_c20 cm.
594 _aPrecede al tít.: Servicio Nacional de Productividad Industrial. Ministerio de Industria.
650 4 _aTrabajadores-
_xFormación profesional.
_9164831
852 4 _aES-MaACL
_jC-32471
852 4 _aES-MaACL
_jC-31891
999 _c43289
_d43289